MARC

LEADER 00000nam0a2200000 4500
001 107380
005 20231031115248.0
035 |a (RuTPU)RU\TPU\book\115938 
090 |a 107380 
100 |a 20061221d1977 k y0rusy50 ca 
101 0 |a rus 
102 |a RU 
105 |a a z 001zy 
200 1 |a Закономерности размещения колчеданных месторождений на Южном Урале  |f В. А. Прокин 
210 |a Москва  |c Недра  |d 1977 
215 |a 176 с.  |c ил. 
320 |a Библиогр.: с. 164-172. 
320 |a Указатель месторождений, рудных районов, рудоносных зон: с. 173. 
610 1 |a месторождения 
610 1 |a Южный Урал 
610 1 |a силур 
610 1 |a вулканические пояса 
610 1 |a геологическое строение 
610 1 |a колчеданные залежи 
675 |a 553.43  |v 3 
700 1 |a Прокин  |b В. А.  |g Василий Александрович 
801 1 |a RU  |b 63413507  |c 20061221  |g PSBO 
801 2 |a RU  |b 63413507  |c 20070115  |g PSBO 
942 |c BK